000 00286nam a22001217a 4500
003 OSt
008 150215b xxu||||| |||| 00| 0 eng d
041 _aeng
050 0 0 _a0460-5446
245 1 0 _aMagyar Belyegek Katalogusa 1993
260 _bfunk and Wagnalls Company
_c1993
300 _a0 pages
999 _c730
_d730